Media Writer's Handbook: A guide to Common Writing & Editing Problems (Record no. 5165)

MARC details
005 - DATE AND TIME OF LATEST TRANSACTION
control field 20250626050509.0
020 ## - INTERNATIONAL STANDARD BOOK NUMBER
International Standard Book Number 978-0-07-352606-5
082 ## - DEWEY DECIMAL CLASSIFICATION NUMBER
Classification number 808.027 ARN
100 ## - MAIN ENTRY--PERSONAL NAME
Author name ARNOLD, T . G
245 ## - TITLE STATEMENT
Title Media Writer's Handbook: A guide to Common Writing & Editing Problems
250 ## - EDITION STATEMENT
Edition statement 4th Ed.
260 ## - PUBLICATION, DISTRIBUTION, ETC.
Place of publication, distribution, etc. Boston
Name of publisher, distributor, etc. McGraw-Hill Irwin
Date of publication, distribution, etc. 2007.
300 ## - PHYSICAL DESCRIPTION
Extent xviii,341p.
Other physical details Index, References
Dimensions 22cm
942 ## - ADDED ENTRY ELEMENTS (KOHA)
Source of classification or shelving scheme Dewey Decimal Classification
Koha item type Books
Holdings
Date last seen Total checkouts Full call number Barcode Price effective from Koha item type Lost status Source of classification or shelving scheme Damaged status Not for loan Withdrawn status Home library Current library Shelving location Date acquired Source of acquisition
06/26/2025   808.027 ARN MZA0002218 06/26/2025 Books   Dewey Decimal Classification       CBE Mwanza CBE Mwanza General Collection 07/31/2017 Library Budget
06/26/2025   808.027 ARN MZA0002219 06/26/2025 Books   Dewey Decimal Classification       CBE Mwanza CBE Mwanza General Collection 07/31/2017 Library Budget
06/26/2025   808.027 ARN MZA0002220 06/26/2025 Books   Dewey Decimal Classification       CBE Mwanza CBE Mwanza General Collection 07/31/2017 Library Budget
06/26/2025   808.027 ARN MZA0002221 06/26/2025 Books   Dewey Decimal Classification       CBE Mwanza CBE Mwanza General Collection 07/31/2017 Library Budget
06/26/2025   808.027 ARN MZA0002222 06/26/2025 Books   Dewey Decimal Classification       CBE Mwanza CBE Mwanza General Collection 07/31/2017 Library Budget
06/26/2025   808.027 ARN MZA0002223 06/26/2025 Books   Dewey Decimal Classification       CBE Mwanza CBE Mwanza General Collection 07/31/2017 Library Budget